[Event "Mecklenburg VP-chC"]
[Site "Greifswald"]
[Date "2024.03.24"]
[Round "3"]
[White "Vakeel, Eshwar"]
[Black "Seegebrecht, Johann"]
[Result "1-0"]
[WhiteElo "1594"]
[BlackElo "1104"]
[PlyCount "53"]
[EventDate "2024.03.23"]
[EventType "swiss"]
[EventRounds "7"]
[EventCountry "GER"]
[SourceTitle "CB14_2024"]
[SourceDate "2024.04.01"]
[SourceVersion "1"]
[SourceVersionDate "2024.04.01"]
[SourceQuality "1"]

1. e4 e5 2. Nf3 Nc6 3. Bc4 Bc5 4. c3 Nf6 5. d3 0-0 6. 0-0 d6 7. a4 a5 8. Bg5 Bg4 9. Nbd2 h6 10. Bh4 Qd7 11. Bxf6 gxf6 12. h3 Bxh3 13. gxh3 Qxh3 14. Nh2 Kh8 15. Qf3 Rg8+ 16. Kh1 Qxf3+ 17. Nhxf3 Rg7 18. Nb3 h5 19. Nxc5 dxc5 20. Nh4 Rg4 21. Nf5 Rag8 22. Rg1 Ne7 23. Rxg4 Rxg4 24. Nxe7 h4 25. Rg1 Rf4 26. Rg8+ Kh7 27. Kg2 1-0